00524nam a2200193 a 4500001001300000003000900013005001700022008004100039020002300080082001500103100001700118245006700135260002500202300000800227500003500235505002400270650001900294700001700313nice12345678IN_TiNIC20260116014929.0100209s1988 lona grp 000 0 eng  a9780281043873c35000a248.4bBAR aBarton, John aPeople of the Book? the Authority of the Bible in Christianity aLondon bSPCK c1988 a96p aincludes index and biblioraphy2 aBibliography, Index aChristian-Life1 aBarton, John